|
|
|
|
| LEADER |
00600 a2200181 4500 |
| 008 |
150103s9999 000 0 eng |
| 082 |
0 |
0 |
|a 294.59215
|
| 245 |
1 |
4 |
|a The Atharvaveda /
|
| 250 |
|
|
|a 1st ed.
|
| 260 |
|
|
|a New Delhi :
|b Munshiram Manoharlal,
|c c1982.
|
| 300 |
|
|
|a x, 939 p.
|
| 500 |
|
|
|a In Sanskrit; translation and introd. in English.
|
| 650 |
|
|
|a Vedas
|
| 653 |
|
|
|a Atharvaveda
|
| 700 |
0 |
|
|a Devi Chand
|
| 942 |
|
|
|c BK
|
| 999 |
|
|
|c 306893
|d 306893
|
| 952 |
|
|
|0 0
|1 0
|2 ddc
|4 0
|6 294_592150000000000_DAV_AT
|7 0
|9 352064
|a DRA
|b DRA
|c ST1
|d 2013-05-23
|i 4111
|l 0
|o 294.59215 DAV/AT
|p DRA4111
|r 2013-05-23
|w 2013-05-23
|y BK
|